[Event "30th NATO Chess Championship"]
[Site "Berlin"]
[Date "2019.09.20"]
[Round "7.13"]
[White "Oblak, Nicholas"]
[Black "Pavlidou, Ekaterini"]
[Result "0-1"]
[WhiteElo "2048"]
[BlackElo "2178"]
[PlyCount "80"]
[EventDate "2019.09.16"]
[EventType "team-tourn"]
[EventRounds "7"]
[EventCountry "GER"]

1. e4 c5 2. Nf3 Nc6 3. d4 cxd4 4. Nxd4 e5 5. Nb3 d6 6. Nc3 Be6 7. Be3 Nf6 8.
Be2 Be7 9. O-O O-O 10. f3 Rc8 11. Qd2 a6 12. Rad1 Qc7 13. Nd5 Bxd5 14. exd5 Nb8
15. c4 b6 16. Rc1 Nfd7 17. Bd3 a5 18. Qc2 g6 19. Qf2 f5 20. Bh6 Rf7 21. h4 Bf8
22. Bg5 a4 23. Na1 Bg7 24. b4 axb3 25. axb3 Rcf8 26. Qe2 e4 27. fxe4 f4 28. h5
gxh5 29. Nc2 Ne5 30. Ne1 Ng4 31. Nf3 Nd7 32. b4 Be5 33. Bb1 Rg7 34. Bh4 Ne3 35.
Rf2 Kh8 36. Ba2 Rfg8 37. Kh1 Rg4 38. Kh2 Rxh4+ 39. Nxh4 f3+ 40. g3 fxe2 0-1

[Event "30th NATO Chess Championship"]
[Site "Berlin"]
[Date "2019.09.20"]
[Round "7.14"]
[White "Kedzierski, Slawomir"]
[Black "Hof - Van Run, Rieke"]
[Result "1-0"]
[WhiteElo "2163"]
[BlackElo "2076"]
[PlyCount "129"]
[EventDate "2019.09.16"]
[EventType "team-tourn"]
[EventRounds "7"]
[EventCountry "GER"]

1. d4 d5 2. Nf3 Nf6 3. c4 e6 4. Nc3 Be7 5. Bg5 Nbd7 6. e3 O-O 7. Rc1 c6 8. Qc2
Re8 9. Be2 h6 10. Bh4 dxc4 11. Bxc4 Nd5 12. Bg3 N7b6 13. Bb3 Bd6 14. Ne5 Nb4
15. Qe2 N6d5 16. O-O Qe7 17. Ne4 Bc7 18. a3 Na6 19. Ba2 Bd7 20. Bb1 Rad8 21.
Qc2 f5 22. Nd2 Bc8 23. Rfe1 Qf6 24. f4 Bxe5 25. dxe5 Qf7 26. Nc4 Qh5 27. Nd6
Re7 28. e4 fxe4 29. Qxe4 g5 30. fxg5 hxg5 31. Rf1 Nac7 32. Qd4 Nb5 33. Qf2 Nxd6
34. exd6 Rf7 35. Qxa7 Rdf8 36. Bd3 Rxf1+ 37. Rxf1 Nf4 38. Qe3 Nxd3 39. Qxd3
Rxf1+ 40. Kxf1 Qf7+ 41. Ke1 Bd7 42. Be5 Qf5 43. Qxf5 exf5 44. Bf6 g4 45. Bg5
Kf7 46. Kd2 Ke6 47. Bf4 Kd5 48. Ke3 c5 49. h4 gxh3 50. gxh3 Ke6 51. Kd3 Be8 52.
h4 Bb5+ 53. Kc3 Be2 54. h5 Bxh5 55. Kc4 b6 56. Kb5 Be8+ 57. Kxb6 Kd5 58. Kc7
Ke6 59. b3 Bd7 60. Be3 Be8 61. Bxc5 f4 62. a4 f3 63. Bf2 Bd7 64. a5 Bb5 65. a6
1-0

[Event "30th NATO Chess Championship"]
[Site "Berlin"]
[Date "2019.09.20"]
[Round "7.15"]
[White "Casteleijn, Diederick"]
[Black "Mouroutis, Konstantinos"]
[Result "1-0"]
[WhiteElo "2079"]
[BlackElo "2181"]
[PlyCount "87"]
[EventDate "2019.09.16"]
[EventType "team-tourn"]
[EventRounds "7"]
[EventCountry "GER"]

1. Nf3 d5 2. c4 c6 3. e3 Nf6 4. Nc3 e6 5. b3 Be7 6. Qc2 Nbd7 7. Bb2 O-O 8. Rg1
a6 9. g4 b5 10. g5 Ne8 11. h4 Bb7 12. Bd3 g6 13. h5 Ng7 14. Nxd5 cxd5 15. Qc3
f6 16. hxg6 dxc4 17. gxh7+ Kh8 18. Nh4 cxd3 19. Ng6+ Kxh7 20. Qxd3 Kg8 21. Nxf8
Nxf8 22. gxf6 Bxf6 23. Qxd8 Rxd8 24. Bxf6 Rd7 25. Rc1 Be4 26. Rc8 Rf7 27. Be5
a5 28. f4 a4 29. bxa4 bxa4 30. a3 Kh7 31. Rxf8 Rxf8 32. Rxg7+ Kh6 33. Re7 Rg8
34. Rxe6+ Kh5 35. d4 Rg2 36. Re8 Ra2 37. Bd6 Bd3 38. Bc5 Kg4 39. d5 Kf3 40. d6
Bf5 41. Re7 Rc2 42. Bd4 Rc6 43. Re5 Bg4 44. Bc5 1-0

[Event "30th NATO Chess Championship"]
[Site "Berlin"]
[Date "2019.09.20"]
[Round "7.16"]
[White "Valeinis, Janis"]
[Black "Stankowski, Aleksander"]
[Result "1/2-1/2"]
[WhiteElo "2206"]
[BlackElo "2022"]
[PlyCount "139"]
[EventDate "2019.09.16"]
[EventType "team-tourn"]
[EventRounds "7"]
[EventCountry "GER"]

1. d4 Nf6 2. c4 g6 3. Nc3 Bg7 4. e4 d6 5. Nf3 O-O 6. h3 e5 7. d5 Nbd7 8. Bg5 h6
9. Be3 b6 10. Be2 a5 11. Qc2 Nc5 12. Nd2 Ne8 13. h4 f5 14. h5 g5 15. Bxc5 bxc5
16. exf5 Bxf5 17. Nde4 Nf6 18. Bd3 Nxe4 19. Bxe4 Qf6 20. O-O-O Rab8 21. Qe2 Rb4
22. Rd2 Bxe4 23. Nxe4 Qf4 24. Kb1 Rfb8 25. Rc2 Rf8 26. Rh3 a4 27. Rf3 Qh4 28.
Rxf8+ Kxf8 29. g4 Qh1+ 30. Rc1 Qh2 31. a3 Rb3 32. Ka2 Qf4 33. Rc3 Rxc3 34. Nxc3
Bf6 35. f3 e4 36. Nxe4 Be5 37. Qd3 Qc1 38. Nc3 Bxc3 39. Qxc3 Qf1 40. b3 axb3+
41. Kxb3 Qd1+ 42. Kb2 Qe2+ 43. Qc2 Qxf3 44. a4 Qxg4 45. a5 Ke7 46. a6 Qc8 47.
Qh7+ Ke8 48. Qg8+ Kd7 49. Qf7+ Kd8 50. Qf6+ Ke8 51. Qe6+ Kd8 52. Qxh6 Qxa6 53.
Qxg5+ Ke8 54. Qe3+ Kf7 55. Qf4+ Ke7 56. h6 Qa4 57. Kc1 Qa1+ 58. Kd2 Qb2+ 59.
Kd3 Qb1+ 60. Ke3 Qc1+ 61. Kf3 Qxf4+ 62. Kxf4 Kf6 63. h7 Kg7 64. Kf5 Kxh7 65.
Ke6 Kg6 66. Kd7 Kf5 67. Kxc7 Ke5 68. Kc6 Kd4 69. Kxd6 Kxc4 70. Ke6 1/2-1/2

[Event "30th NATO Chess Championship"]
[Site "Berlin"]
[Date "2019.09.20"]
[Round "7.17"]
[White "Keough, Robert W"]
[Black "Kende, Gyorgy"]
[Result "1/2-1/2"]
[WhiteElo "2108"]
[BlackElo "2036"]
[PlyCount "33"]
[EventDate "2019.09.16"]
[EventType "team-tourn"]
[EventRounds "7"]
[EventCountry "GER"]

1. e4 c6 2. d4 d5 3. Nc3 dxe4 4. Nxe4 Nf6 5. Nxf6+ exf6 6. c3 Bd6 7. Bd3 O-O 8.
Qc2 Re8+ 9. Ne2 h5 10. Be3 Be6 11. Ng3 c5 12. Bh7+ Kh8 13. O-O-O Qa5 14. d5 Bg4
15. Kb1 Bxd1 16. Rxd1 Nd7 17. Nxh5 1/2-1/2

[Event "30th NATO Chess Championship"]
[Site "Berlin"]
[Date "2019.09.20"]
[Round "7.19"]
[White "Aagaard, Gert"]
[Black "Tocco, Paolo"]
[Result "1-0"]
[WhiteElo "2029"]
[BlackElo "2089"]
[PlyCount "77"]
[EventDate "2019.09.16"]
[EventType "team-tourn"]
[EventRounds "7"]
[EventCountry "GER"]

1. d4 b6 2. Bf4 Bb7 3. e3 d6 4. Nf3 Nd7 5. Nbd2 g6 6. Bd3 Bg7 7. O-O e5 8. Bg3
Qe7 9. dxe5 dxe5 10. Bb5 c6 11. Bc4 Ngf6 12. Bh4 O-O 13. Ne4 b5 14. Be2 Qb4 15.
Nxf6+ Nxf6 16. Bg3 Rad8 17. Qc1 e4 18. c3 Qe7 19. Nd4 a6 20. b4 c5 21. bxc5
Qxc5 22. c4 b4 23. a3 bxa3 24. Qxa3 Nd7 25. Bd6 Qg5 26. Qa5 Ne5 27. Bxf8 Rxf8
28. Rfb1 Bc8 29. Qc7 Bh3 30. Bf1 Nf3+ 31. Nxf3 exf3 32. Ra5 Qg4 33. Qg3 Qxg3
34. hxg3 Bf5 35. Rxf5 gxf5 36. c5 a5 37. gxf3 Ra8 38. Rb7 a4 39. Bc4 1-0

[Event "30th NATO Chess Championship"]
[Site "Berlin"]
[Date "2019.09.20"]
[Round "7.22"]
[White "Tucker, David Sidney"]
[Black "Schott, Guido"]
[Result "1/2-1/2"]
[WhiteElo "1997"]
[BlackElo "2043"]
[PlyCount "38"]
[EventDate "2019.09.16"]
[EventType "team-tourn"]
[EventRounds "7"]
[EventCountry "GER"]

1. e4 c5 2. Nf3 g6 3. d4 cxd4 4. Qxd4 Nf6 5. Nc3 Nc6 6. Qa4 d6 7. e5 Ng4 8. Bb5
Ngxe5 9. Nxe5 dxe5 10. Bxc6+ bxc6 11. Qxc6+ Bd7 12. Qc5 Bg7 13. O-O O-O 14. Rd1
Qc8 15. Qxe7 Bf5 16. Be3 Re8 17. Qh4 Rb8 18. Ne4 Bxe4 19. Qxe4 Rxb2 1/2-1/2

[Event "30th NATO Chess Championship"]
[Site "Berlin"]
[Date "2019.09.20"]
[Round "7.23"]
[White "Nikomanis, Andreas"]
[Black "Wagenaar, Harm Theo"]
[Result "1-0"]
[WhiteElo "2053"]
[BlackElo "1879"]
[PlyCount "69"]
[EventDate "2019.09.16"]
[EventType "team-tourn"]
[EventRounds "7"]
[EventCountry "GER"]

1. e4 e6 2. d4 d5 3. Nc3 dxe4 4. Nxe4 Bd7 5. Nf3 Bc6 6. Bd3 Nd7 7. Qe2 Ngf6 8.
Nxf6+ Nxf6 9. O-O Be7 10. c3 Bxf3 11. Qxf3 Qd5 12. Qe2 O-O 13. Be3 c6 14. Rfe1
Rfe8 15. h3 a5 16. c4 Qd8 17. Rad1 Qc7 18. Bb1 Bd6 19. Bg5 Nd7 20. Qd3 Nf8 21.
Re4 Be7 22. Bd2 b6 23. a3 Rad8 24. Bc3 f5 25. Ree1 Bf6 26. Qf3 c5 27. d5 Bxc3
28. Qxc3 g6 29. Bc2 exd5 30. cxd5 Qd6 31. Ba4 Re7 32. Rxe7 Qxe7 33. d6 Rxd6 34.
Bb3+ Ne6 35. Rxd6 1-0

[Event "30th NATO Chess Championship"]
[Site "Berlin"]
[Date "2019.09.20"]
[Round "7.26"]
[White "Nilsson, Erik"]
[Black "Christen, Pierre"]
[Result "1/2-1/2"]
[WhiteElo "2022"]
[BlackElo "1837"]
[PlyCount "104"]
[EventDate "2019.09.16"]
[EventType "team-tourn"]
[EventRounds "7"]
[EventCountry "GER"]

1. d4 d5 2. c4 c6 3. Nf3 Nf6 4. Nc3 a6 5. c5 Bf5 6. Qb3 Qc7 7. g3 Nbd7 8. Bf4
Qc8 9. Na4 Ra7 10. Bg2 Nh5 11. Be3 Be4 12. O-O Qc7 13. Nb6 Bxf3 14. exf3 e5 15.
Nxd7 Qxd7 16. Qb6 Ra8 17. dxe5 g6 18. Rfe1 Ng7 19. Rad1 Be7 20. Qb3 O-O 21. Qc3
Rfe8 22. h4 Qe6 23. Bd4 Bf8 24. Kh2 Qe7 25. Bh3 Ne6 26. Bxe6 fxe6 27. Kg2 b6
28. b4 a5 29. a3 axb4 30. axb4 b5 31. Ra1 Qb7 32. Rxa8 Rxa8 33. Qe3 Ra4 34. Rb1
Qa7 35. h5 Ra3 36. Rb3 Ra2 37. hxg6 hxg6 38. Qg5 Qf7 39. Qe3 Qa7 40. Qd3 Kg7
41. Bb2 Qa4 42. Ra3 Rxa3 43. Qxa3 Qxa3 44. Bxa3 Kh7 45. f4 Bh6 46. Bc1 Bf8 47.
Kf3 Be7 48. Be3 Kg8 49. Bd4 Kf7 50. g4 Bd8 51. Kg3 Be7 52. Kf3 Bf8 1/2-1/2

[Event "30th NATO Chess Championship"]
[Site "Berlin"]
[Date "2019.09.20"]
[Round "7.30"]
[White "Ivbulis, Martins"]
[Black "Randall, Gordon"]
[Result "0-1"]
[WhiteElo "1795"]
[BlackElo "1975"]
[PlyCount "96"]
[EventDate "2019.09.16"]
[EventType "team-tourn"]
[EventRounds "7"]
[EventCountry "GER"]

1. d4 Nf6 2. Nc3 c5 3. d5 d6 4. e4 g6 5. f4 Bg7 6. Nf3 O-O 7. a4 e6 8. Bc4 exd5
9. Bxd5 Nxd5 10. Qxd5 Nc6 11. Be3 Nd4 12. Bxd4 Be6 13. Qxb7 cxd4 14. Nb5 Qa5+
15. Kf2 Rfb8 16. Qe7 a6 17. f5 gxf5 18. exf5 Bxf5 19. Nxd6 Bg6 20. Ne4 Qb6 21.
a5 Qc6 22. Ned2 Bf6 23. Ne5 Qxc2 24. Qxf6 Qxd2+ 25. Kg3 Rxb2 26. Ng4 Qxg2+ 27.
Kh4 h5 28. Rag1 Qe4 29. Kg5 Kh7 30. Qxf7+ Bxf7 31. Nf6+ Kg7 32. Nxe4 Bg6 33.
Kf4 Rf8+ 34. Ke5 Re2 35. Kd5 Rf5+ 36. Kxd4 Rf4 37. Rg5 Rexe4+ 38. Kc5 Rf5+ 39.
Rxf5 Bxf5 40. Kb6 Re6+ 41. Ka7 Bd3 42. Rg1+ Rg6 43. Rd1 Bb5 44. Rd2 Kh6 45. Kb7
h4 46. Kc7 h3 47. Rd8 Kg5 48. Rd4 Rc6+ 0-1

[Event "30th NATO Chess Championship"]
[Site "Berlin"]
[Date "2019.09.20"]
[Round "7.31"]
[White "Simard, Francois"]
[Black "Violini, Paolo"]
[Result "0-1"]
[WhiteElo "1755"]
[BlackElo "1963"]
[PlyCount "60"]
[EventDate "2019.09.16"]
[EventType "team-tourn"]
[EventRounds "7"]
[EventCountry "GER"]
[WhiteTeam "CAN"]
[BlackTeam "ITA"]

1. d4 e6 2. c4 f5 3. Nf3 Nf6 4. Nc3 Be7 5. e3 O-O 6. Bd3 b6 7. d5 Na6 8. dxe6
dxe6 9. O-O Nc5 10. Bc2 Qe8 11. Nb5 Bd8 12. Nbd4 e5 13. Nxf5 e4 14. N3d4 Qg6
15. Ng3 h5 16. Nge2 h4 17. h3 Nh5 18. Kh2 Be7 19. Nf4 Bd6 20. Nde2 Bb7 21. Kh1
Nxf4 22. Nxf4 Qf6 23. Qh5 Bxf4 24. exf4 Ne6 25. Qe5 Qxe5 26. fxe5 Rf5 27. f4
exf3 28. Bxf5 fxg2+ 29. Kg1 gxf1=Q+ 30. Kxf1 Rf8 0-1

[Event "30th NATO Chess Championship"]
[Site "Berlin"]
[Date "2019.09.20"]
[Round "7.32"]
[White "Heran-Boily, Samuel"]
[Black "Tikerpuu, Mati"]
[Result "1-0"]
[WhiteElo "1933"]
[BlackElo "1717"]
[PlyCount "131"]
[EventDate "2019.09.16"]
[EventType "team-tourn"]
[EventRounds "7"]
[EventCountry "GER"]

1. e4 d5 2. exd5 Qxd5 3. Nc3 Qa5 4. d4 f6 5. Be2 c6 6. Bh5+ g6 7. Be2 Nh6 8.
Nf3 Bg7 9. Bxh6 Bxh6 10. Bc4 Bg4 11. O-O Qh5 12. Be2 Bf4 13. g3 Bh3 14. Nd2 Qh6
15. gxf4 Qxf4 16. Nce4 h5 17. Bf3 f5 18. Ng3 h4 19. Ne2 Qh6 20. Re1 Nd7 21. Nf1
O-O-O 22. Qd2 g5 23. Bg2 Bxg2 24. Kxg2 h3+ 25. Kg1 Qh5 26. Neg3 Qf3 27. Ne3 Ne5
28. Ngxf5 Qe4 29. Ng3 Nf3+ 30. Kh1 Nxd2+ 31. Nxe4 Nxe4 32. Ng4 Nd2 33. c3 Nf3
34. Re2 Rh4 35. Ne5 Rf4 36. Nxf3 Rxf3 37. Kg1 Rdf8 38. Rf1 Kd7 39. Re5 g4 40.
Re4 R8f4 41. Rxf4 Rxf4 42. Re1 Kd6 43. Re5 b6 44. Re3 e6 45. Kf1 Kd5 46. Ke2
Re4 47. Kd3 Rxe3+ 48. Kxe3 c5 49. dxc5 bxc5 50. Kf4 e5+ 51. Kxg4 Ke4 52. c4 Kd3
53. Kxh3 Kc2 54. Kg4 Kxb2 55. h4 Kc3 56. h5 Kxc4 57. h6 Kd3 58. h7 c4 59. h8=Q
c3 60. Qxe5 Kd2 61. Qe3+ Kc2 62. Qxa7 Kb1 63. Qh7+ c2 64. Qxc2+ Ka1 65. Qd2 Kb1
66. Kf4 1-0

[Event "30th NATO Chess Championship"]
[Site "Berlin"]
[Date "2019.09.20"]
[Round "7.33"]
[White "Sarnovska, Eira"]
[Black "Middaugh, Jon S"]
[Result "0-1"]
[WhiteElo "1669"]
[BlackElo "1918"]
[PlyCount "42"]
[EventDate "2019.09.16"]
[EventType "team-tourn"]
[EventRounds "7"]
[EventCountry "GER"]
[WhiteTeam "LTU"]
[BlackTeam "USA"]

{[%evp 0,40,33,26,26,-15,-2,0,-2,-11,8,-59,-3,3,36,10,23,7,3,1,-1,-2,-4,17,4,
-2,18,6,-9,-8,-35,-76,-59,-90,-59,-76,-74,-319,-332,-326,-332,-332,-332]} 1.
Nf3 Nf6 2. g3 d5 3. d4 Bf5 4. Bg2 e6 5. c4 c6 6. O-O Bd6 7. c5 Bc7 8. Nc3 h6 9.
b4 Nbd7 10. a4 e5 11. dxe5 Nxe5 12. Nd4 Bh7 13. Re1 O-O 14. e4 Nxe4 15. Nxe4
Bxe4 16. Bxe4 dxe4 17. Rxe4 Qd5 18. Re1 Qxd4 19. Qxd4 Nf3+ 20. Kg2 Nxd4 21. Re7
Ne6 0-1

[Event "30th NATO Chess Championship"]
[Site "Berlin"]
[Date "2019.09.20"]
[Round "7.34"]
[White "Ross, David"]
[Black "Pirs, Matjaz2"]
[Result "0-1"]
[WhiteElo "1599"]
[BlackElo "1918"]
[PlyCount "52"]
[EventDate "2019.09.16"]
[EventType "team-tourn"]
[EventRounds "7"]
[EventCountry "GER"]
[WhiteTeam "ENG"]
[BlackTeam "SLO"]

1. e4 e6 2. d4 d5 3. Nc3 Nf6 4. e5 Nfd7 5. f4 c5 6. Nf3 Nc6 7. Be3 cxd4 8. Nxd4
Nc5 9. Be2 Be7 10. O-O O-O 11. a3 a6 12. b4 Nd7 13. Bd3 g6 14. f5 Ndxe5 15.
Nxc6 bxc6 16. Bh6 Re8 17. fxg6 hxg6 18. Bxg6 Nxg6 19. Qf3 f5 20. Qh5 Kf7 21. g4
Bf6 22. Ne2 Rg8 23. gxf5 exf5 24. Ng3 Bxa1 25. Nxf5 Bxf5 26. Rxf5+ Ke6 0-1

[Event "30th NATO Chess Championship"]
[Site "Berlin"]
[Date "2019.09.20"]
[Round "7.35"]
[White "Allmann, Lauri"]
[Black "Kraft, Chip"]
[Result "0-1"]
[WhiteElo "1827"]
[BlackElo "2050"]
[PlyCount "62"]
[EventDate "2019.09.16"]
[EventType "team-tourn"]
[EventRounds "7"]
[EventCountry "GER"]
[WhiteTeam "EST"]
[BlackTeam "USA"]

1. c4 e5 2. Nc3 Nf6 3. g3 Bb4 4. Bg2 Bxc3 5. bxc3 Nc6 6. e3 d6 7. Rb1 e4 8. d4
exd3 9. Qxd3 Ne5 10. Qc2 c6 11. Nf3 Nxc4 12. Nd4 O-O 13. O-O Qc7 14. Qa4 b5 15.
Qc2 d5 16. Rd1 Bg4 17. Re1 Bh5 18. Ra1 Bg6 19. Qb3 Ne4 20. Re2 h5 21. a4 Nc5
22. Qb4 Nxa4 23. Nxb5 cxb5 24. Bxd5 Rac8 25. Qxb5 Nxc3 26. Qxc4 Qxc4 27. Bxc4
Rxc4 28. Rd2 Be4 29. Bb2 Rfc8 30. Kf1 Bf3 31. Rxa7 Ne4 0-1

[Event "30th NATO Chess Championship"]
[Site "Berlin"]
[Date "2019.09.20"]
[Round "7.36"]
[White "Geroly, Jozsef"]
[Black "Cirkvencic, Franci"]
[Result "1/2-1/2"]
[WhiteElo "1766"]
[BlackElo "2008"]
[PlyCount "52"]
[EventDate "2019.09.16"]
[EventType "team-tourn"]
[EventRounds "7"]
[EventCountry "GER"]
[WhiteTeam "HUN"]
[BlackTeam "SLO"]

{[%evp 0,41,19,27,30,30,27,0,19,21,21,13,19,19,10,0,15,15,41,-6,-6,-12,-3,-50,
-39,-50,-50,-50,-50,-49,-49,-49,-44,-60,-48,-78,-78,-78,-95,-67,-74,-74,-72,
-117]} 1. Nf3 Nf6 2. d4 e6 3. g3 b6 4. Bg2 Bb7 5. c4 Be7 6. O-O O-O 7. Nc3 Ne4
8. Qd3 f5 9. Nd2 d5 10. cxd5 exd5 11. f3 Ba6 12. Qe3 Bg5 13. f4 Bf6 14. Ndxe4
dxe4 15. Rd1 Nc6 16. Qf2 Re8 17. a3 Bc4 18. e3 Bb3 19. Re1 Na5 20. Bf1 c6 21.
Nb1 Rc8 22. Nd2 Be6 23. b4 Nb3 24. Nxb3 Bxb3 25. Rb1 Be6 26. Bb2 c5 1/2-1/2

[Event "30th NATO Chess Championship"]
[Site "Berlin"]
[Date "2019.09.20"]
[Round "7.37"]
[White "Farrell, John F"]
[Black "Meiers, Gundars"]
[Result "1-0"]
[WhiteElo "1985"]
[BlackElo "1785"]
[PlyCount "61"]
[EventDate "2019.09.16"]
[EventType "team-tourn"]
[EventRounds "7"]
[EventCountry "GER"]
[WhiteTeam "USA"]
[BlackTeam "LAT"]

1. c4 e5 2. Nc3 Nc6 3. g3 Nf6 4. Bg2 Bb4 5. Nd5 Be7 6. Nf3 d6 7. O-O O-O 8. d3
Re8 9. e4 Nxd5 10. cxd5 Nb8 11. b4 c6 12. dxc6 bxc6 13. Rb1 Be6 14. Qc2 a5 15.
b5 cxb5 16. Rxb5 Na6 17. a3 Rc8 18. Qb1 Rb8 19. Bd2 a4 20. Rxb8 Qxb8 21. d4 Bb3
22. Rc1 Rc8 23. Bf1 Rxc1 24. Qxc1 Nc7 25. Bb4 f6 26. Qc6 Qd8 27. Ba5 d5 28.
Bxc7 Qc8 29. exd5 e4 30. Nd2 Bd8 31. Qe8# 1-0

[Event "30th NATO Chess Championship"]
[Site "Berlin"]
[Date "2019.09.20"]
[Round "7.38"]
[White "Ermalis, Rytis"]
[Black "Fielding, Michael"]
[Result "1/2-1/2"]
[WhiteElo "1960"]
[BlackElo "1760"]
[PlyCount "78"]
[EventDate "2019.09.16"]
[EventType "team-tourn"]
[EventRounds "7"]
[EventCountry "GER"]

1. d4 f5 2. g3 e6 3. Bg2 Nf6 4. Nf3 Be7 5. O-O O-O 6. c4 d6 7. Nc3 Ne4 8. Qb3
Nxc3 9. Qxc3 Nd7 10. b3 Nf6 11. Nd2 Qe8 12. Bb2 Qg6 13. Qf3 d5 14. Qd3 Ne4 15.
Nf3 Qh5 16. Ne5 c6 17. Qf3 Qe8 18. Qd3 Qh5 19. Bc1 Nf6 20. Nf3 Bd6 21. c5 Bc7
22. Bf4 Bxf4 23. gxf4 h6 24. Ne5 Kh7 25. Qf3 Qe8 26. Qh3 b6 27. cxb6 axb6 28.
Rfc1 Bb7 29. b4 Rc8 30. Rc2 Rg8 31. Nf3 Ba6 32. Rac1 Bc4 33. a3 b5 34. Kh1 Qh5
35. Qxh5 Nxh5 36. e3 Nf6 37. h4 Ra8 38. Ne5 Rxa3 39. Nxc6 Ra6 1/2-1/2

[Event "30th NATO Chess Championship"]
[Site "Berlin"]
[Date "2019.09.20"]
[Round "7.39"]
[White "Kruit, Erik"]
[Black "Abbate, Giovanni"]
[Result "1-0"]
[WhiteElo "1941"]
[BlackElo "1600"]
[PlyCount "43"]
[EventDate "2019.09.16"]
[EventType "team-tourn"]
[EventRounds "7"]
[EventCountry "GER"]
[WhiteTeam "NED"]
[BlackTeam "ITA"]

1. e4 c6 2. d4 d6 3. Nc3 g6 4. Be3 Bg7 5. Qd2 a6 6. Nf3 Nf6 7. Bh6 O-O 8. h4
Bg4 9. Nh2 Be6 10. Be2 Kh8 11. h5 Nbd7 12. hxg6 fxg6 13. g4 Bxh6 14. Qxh6 Ng8
15. Qe3 Qe8 16. f4 Bf7 17. O-O-O e5 18. f5 Rd8 19. Nf3 Ne7 20. Rxh7+ Kxh7 21.
Rh1+ Kg7 22. Qh6+ 1-0

[Event "30th NATO Chess Championship"]
[Site "Berlin"]
[Date "2019.09.20"]
[Round "7.40"]
[White "Ivsek, Cveto"]
[Black "Graham, Frazer"]
[Result "1-0"]
[WhiteElo "1755"]
[BlackElo "1923"]
[PlyCount "79"]
[EventDate "2019.09.16"]
[EventType "team-tourn"]
[EventRounds "7"]
[EventCountry "GER"]
[WhiteTeam "SLO"]
[BlackTeam "ENG"]

1. d4 Nf6 2. c4 c5 3. d5 e6 4. Nc3 exd5 5. cxd5 d6 6. Qb3 g6 7. Bg5 Bg7 8. Ne4
Qa5+ 9. Bd2 Qc7 10. Nxf6+ Bxf6 11. Bc3 Qe7 12. e3 O-O 13. Bd3 Na6 14. Ne2 Nc7
15. Bxf6 Qxf6 16. Ng3 b5 17. Be4 Bd7 18. Qc3 Qxc3+ 19. bxc3 a5 20. Kd2 b4 21.
c4 a4 22. Rab1 a3 23. Bc2 Rae8 24. Ne4 Rxe4 25. Bxe4 Na8 26. Rhc1 Nb6 27. Bd3
Na4 28. f3 f5 29. e4 fxe4 30. Bxe4 Bf5 31. Bxf5 Rxf5 32. Rb3 Rh5 33. h3 Rh4 34.
Re3 Nc3 35. Rcxc3 bxc3+ 36. Kxc3 Rh5 37. Re6 Rg5 38. g4 Re5 39. Rxe5 dxe5 40.
Kb3 1-0

[Event "30th NATO Chess Championship"]
[Site "Berlin"]
[Date "2019.09.20"]
[Round "7.41"]
[White "Tammisto, Janek"]
[Black "Steen, Kris"]
[Result "1-0"]
[WhiteElo "1912"]
[BlackElo "1526"]
[PlyCount "75"]
[EventDate "2019.09.16"]
[EventType "team-tourn"]
[EventRounds "7"]
[EventCountry "GER"]
[WhiteTeam "EST"]
[BlackTeam "BEL"]

{[%evp 0,75,33,26,35,35,64,-6,-6,-193,-26,-31,-31,-31,3,-15,1,-11,-12,-29,-24,
-32,-25,-10,-10,-14,-10,-46,-46,-49,-44,-41,-36,-62,-33,-33,-33,-40,-38,-37,
-16,-16,-25,-14,-1,-2,0,-17,0,-16,0,0,0,-2,2,1,0,2,0,1,0,-7,-7,-2,0,0,0,0,0,0,
150,160,794,718,1013,962,1016,1016]} 1. d4 Nf6 2. Nf3 c5 3. Bf4 cxd4 4. Nxd4
Nc6 5. Nxc6 bxc6 6. Nd2 Ba6 7. e3 Bxf1 8. Nxf1 e6 9. Nd2 d5 10. O-O Bd6 11.
Bxd6 Qxd6 12. c4 O-O 13. cxd5 cxd5 14. Nb3 Rfc8 15. Rc1 Qa6 16. a3 Rxc1 17.
Qxc1 Rc8 18. Qb1 Ne4 19. Rc1 Rxc1+ 20. Qxc1 h6 21. Nc5 Nxc5 22. Qxc5 Qe2 23.
Qc1 Kf8 24. h3 Qc4 25. Qxc4 dxc4 26. Kf1 a5 27. Ke1 Ke7 28. Kd2 Kd6 29. Kc3 Kc5
30. b4+ cxb3 31. Kxb3 Kb5 32. g4 a4+ 33. Kc3 e5 34. f4 e4 35. Kd4 f6 36. h4 g6
37. g5 hxg5 38. fxg5 1-0

[Event "30th NATO Chess Championship"]
[Site "Berlin"]
[Date "2019.09.20"]
[Round "7.42"]
[White "Glibert, Stephane"]
[Black "Voroblievas, Arturas"]
[Result "1-0"]
[WhiteElo "1865"]
[BlackElo "1762"]
[PlyCount "133"]
[EventDate "2019.09.16"]
[EventType "team-tourn"]
[EventRounds "7"]
[EventCountry "GER"]
[WhiteTeam "BEL"]
[BlackTeam "LTU"]

1. e4 e5 2. Nf3 Nc6 3. d4 exd4 4. Bc4 Nf6 5. O-O Nxe4 6. Re1 d5 7. Bxd5 Qxd5 8.
Nc3 Qh5 9. Nxe4 Be6 10. Bg5 h6 11. Bf6 Qa5 12. Bxd4 O-O-O 13. c3 Bg4 14. h3 Bh5
15. g4 Bg6 16. Qb3 h5 17. Neg5 hxg4 18. hxg4 Nxd4 19. cxd4 Bd6 20. Nxf7 Bxf7
21. Qxf7 Rdf8 22. Qe6+ Kb8 23. Ne5 Bxe5 24. Qxe5 Qd2 25. Qe3 Qc2 26. Qg3 Qh7
27. Kg2 a6 28. Rac1 g5 29. Rh1 Qe4+ 30. f3 Qe2+ 31. Qf2 Qe7 32. Rxh8 Rxh8 33.
Rh1 Rf8 34. Rf1 Qd6 35. Qe3 Qg6 36. Qe4 Qb6 37. Qe7 Rh8 38. Qxg5 Qxb2+ 39. Rf2
Qa1 40. Kg3 Qg1+ 41. Rg2 Qxd4 42. Qd2 Qf6 43. Rh2 Rd8 44. Qf4 Qa1 45. g5 Qe1+
46. Rf2 Qg1+ 47. Rg2 Qe1+ 48. Rf2 Rh8 49. Qd2 Qg1+ 50. Rg2 Qb6 51. f4 Re8 52.
Re2 Qg1+ 53. Rg2 Qc5 54. Re2 Rh8 55. Qe3 Qf5 56. Rh2 Rd8 57. Rd2 Rg8 58. Re2
Qb1 59. Rg2 Rd8 60. Rd2 Rh8 61. Qb3 Qe1+ 62. Rf2 Re8 63. Qb2 Re3+ 64. Kg2 Re8
65. Qd2 Qe4+ 66. Kg3 Qf5 67. Re2 $138 1-0

[Event "30th NATO Chess Championship"]
[Site "Berlin"]
[Date "2019.09.20"]
[Round "7.43"]
[White "Vael, Steve"]
[Black "Korge, Kersti"]
[Result "0-1"]
[WhiteElo "1602"]
[BlackElo "1842"]
[PlyCount "22"]
[EventDate "2019.09.16"]
[EventType "team-tourn"]
[EventRounds "7"]
[EventCountry "GER"]
[WhiteTeam "EST"]
[BlackTeam "HUN"]

{[%evp 0,20,41,35,35,-12,43,-81,-108,-84,-71,-126,-126,-321,-371,-559,-559,
-559,-228,-219,-169,-2416,-1772]} 1. d4 Nf6 2. c4 c5 3. b3 cxd4 4. Qxd4 Nc6 5.
Qc3 e5 6. Ba3 Ne4 7. Qb2 Qa5+ 8. b4 Bxb4+ 9. Bxb4 Qxb4+ 10. Qxb4 Nxb4 11. Kd1
Nxf2+ 0-1

[Event "30th NATO Chess Championship"]
[Site "Berlin"]
[Date "2019.09.20"]
[Round "7.44"]
[White "Windey, Luc"]
[Black "Slaidins, Janis"]
[Result "0-1"]
[WhiteElo "1628"]
[BlackElo "1834"]
[PlyCount "72"]
[EventDate "2019.09.16"]
[EventType "team-tourn"]
[EventRounds "7"]
[EventCountry "GER"]
[WhiteTeam "BEL"]
[BlackTeam "LAT"]

1. Nf3 d5 2. d4 e6 3. Bf4 Nf6 4. e3 Bd6 5. Bg3 O-O 6. Nbd2 c5 7. c3 cxd4 8.
exd4 b6 9. Bd3 Nc6 10. Ne5 Bxe5 11. dxe5 Nd7 12. f4 f6 13. Bh4 Qe8 14. Qc2 Qh5
15. exf6 Qxh4+ 16. g3 Qh6 17. fxg7 Qxg7 18. Nf3 h6 19. O-O-O e5 20. Bb5 Ne7 21.
Bxd7 Bxd7 22. Nxe5 Bf5 23. Qb3 Rac8 24. g4 Be4 25. Rhf1 Ng6 26. Nxg6 Qxg6 27.
h4 Rc5 28. f5 Qd6 29. Rde1 Kg7 30. g5 hxg5 31. hxg5 Rxf5 32. Qa4 Qc7 33. Rxf5
Rc4 34. Qe8 Rxc3+ 35. Kd2 Rc2+ 36. Ke3 Qg3+ 0-1